Historia y arte de la seda en México (Record no. 1214)

MARC details
000 -CABECERA
campo de control de longitud fija 01152nam a2200265 a 4500
001 - NÚMERO DE CONTROL
campo de control BRCA_1351
005 - FECHA Y HORA DE LA ÚLTIMA TRANSACCIÓN
campo de control 20190320203404.0
008 - DATOS DE LONGITUD FIJA--INFORMACIÓN GENERAL
campo de control de longitud fija 920107s1990 mx-a---##b---#000-0#spa-#
020 ## - NÚMERO INTERNACIONAL ESTÁNDAR DEL LIBRO
Número Internacional Estándar del Libro 9687009217
040 ## - FUENTE DE LA CATALOGACIÓN
Centro catalogador/agencia de origen DLC
Centro/agencia transcriptor DLC
Centro/agencia modificador DLC
050 #4 - SIGNATURA TOPOGRÁFICA DE LA BIBLIOTECA DEL CONGRESO
Número de clasificación TS1655.M4
Número de documento/Ítem .M37 1990
100 1# - ENTRADA PRINCIPAL--NOMBRE DE PERSONA
Nombre de persona Maria y Campos, Teresa de
9 (RLIN) 4424
245 10 - MENCIÓN DE TÍTULO
Título Historia y arte de la seda en México
Resto del título siglos XVI-XX
Mención de responsabilidad, etc. Teresa de Maria y Campos, Teresa Castelló Yturbide ; fotografías de Michel Zabé.
260 ## - PUBLICACIÓN, DISTRIBUCIÓN, ETC.
Lugar de publicación, distribución, etc. México
Nombre del editor, distribuidor, etc. Fomento Cultura Banamex
Fecha de publicación, distribución, etc. 1990
300 ## - DESCRIPCIÓN FÍSICA
Extensión 178 p.
Otras características físicas il. a color
Dimensiones 27 cm.
500 ## - NOTA GENERAL
Nota general Incluye apéndices : determinaciones taxonómicas. Relación de nombres vernáculos y técnicos de los animales y las plantas mencionadas, bibliografía y glosarios
500 ## - NOTA GENERAL
Nota general La biblioteca cuenta con 2 ejemplares, el 2do ejemplar donado por Sonia Corcuera pasa al Fondo Ruth Lechuga
504 ## - NOTA DE BIBLIOGRAFÍA, ETC.
Nota de bibliografía, etc. Bibliografía: p. 173-178
650 14 - PUNTO DE ACCESO ADICIONAL DE MATERIA--TÉRMINO DE MATERIA
Término de materia o nombre geográfico como elemento de entrada Industria de la seda
Subdivisión general Historia
Subdivisión geográfica México
9 (RLIN) 4425
650 14 - PUNTO DE ACCESO ADICIONAL DE MATERIA--TÉRMINO DE MATERIA
Término de materia o nombre geográfico como elemento de entrada Sericultura
Subdivisión geográfica México
9 (RLIN) 4426
650 14 - PUNTO DE ACCESO ADICIONAL DE MATERIA--TÉRMINO DE MATERIA
Término de materia o nombre geográfico como elemento de entrada Industrias
Subdivisión geográfica México
9 (RLIN) 4427
700 1# - PUNTO DE ACCESO ADICIONAL--NOMBRE DE PERSONA
Nombre de persona Castelló Yturbide, Teresa
9 (RLIN) 2444
700 1# - PUNTO DE ACCESO ADICIONAL--NOMBRE DE PERSONA
Nombre de persona Zabé, Michel
9 (RLIN) 38
942 ## - ELEMENTOS DE PUNTO DE ACCESO ADICIONAL (KOHA)
Fuente del sistema de clasificación o colocación Library of Congress Classification
Tipo de ítem Koha Libros
Holdings
Estado de retiro Estado de pérdida Estado dañado No para préstamo Localización permanente Ubicación/localización actual Fecha de adquisición Total de préstamos Signatura topográfica completa Código de barras Fecha visto por última vez Precio válido a partir de Tipo de ítem Koha Código de colección
El ejemplar forma parte de la colección y puede ser consultado según las políticas vigentes.       Biblioteca del Museo Franz Mayer (Rogerio Casas-Alatriste) Biblioteca del Museo Franz Mayer (Rogerio Casas-Alatriste) 26/06/2008   TS1655.M4 .M37 1990 01874 22/03/2019 22/03/2019 Libros  
El ejemplar forma parte de la colección y puede ser consultado según las políticas vigentes.       Biblioteca del Museo Franz Mayer (Rogerio Casas-Alatriste) Biblioteca del Museo Franz Mayer (Rogerio Casas-Alatriste) 20/02/2013   TS1655.M4 .M37 1990 FRL00000 22/03/2019 22/03/2019 Libros Acervo General